Statistiques concernant Tennis : Classement ATP - juin 2022

Cliquez ici pour prendre le quiz!

Statistiques générales

  • Ce quiz a été pris 355 fois
  • Le résultat moyen est 16 sur 20

Statistiques - réponses

Classement *Mois dernierAn dernierJoueurPoints% Correct
1==Novak Djokovic8 770
100%
4=- 1Rafael Nadal7 525
98%
5=- 1Stefanos Tsitsipas6 100
97%
3=+ 3Alexander Zverev7 795
95%
7+ 2+ 71Carlos Alcaraz5 005
95%
6+ 1+ 9Casper Ruud5 050
93%
2==Daniil Medvedev8 160
91%
12=+ 11Jannik Sinner3 355
85%
9+ 1+ 12Felix Auger-Aliassime3 955
81%
10- 4- 1Matteo Berrettini3 805
81%
8=- 1Andrey Rublev4 260
80%
17+ 7+ 20Marin Cilic2 370
77%
11=+ 30Cameron Norrie3 500
75%
16=- 2Denis Shapovalov2 531
73%
15=- 4Diego Schwartzman2 595
73%
13+ 1+ 4Hubert Hurkacz3 258
73%
14- 1+ 22Taylor Fritz2 920
69%
19- 1- 7Pablo Carreno Busta2 135
65%
20- 1- 10Roberto Bautista Agut1 880
61%
18- 1+ 14Reily Opelka2 145
45%

Distribution des résultats

Percentile par nombre de réponses

% des personnes avec chaque résultat

Votre développement - résultats

Vous n’avez pas pris ce quiz